[Event "Nuremberg Zabo op 11th"]
[Site "Nuremberg"]
[Date "2009.09.19"]
[Round "3"]
[White "Holiga, Friedrich"]
[Black "Dreiseitel, Werner"]
[Result "1/2-1/2"]
[WhiteElo "1740"]
[BlackElo "1415"]
[PlyCount "28"]
[EventDate "2009.09.18"]
[EventType "swiss"]
[EventRounds "5"]
[EventCountry "GER"]
[SourceTitle "EXT 2012"]
[Source "ChessBase"]
[SourceDate "2011.11.24"]
[SourceVersion "1"]
[SourceVersionDate "2011.11.24"]
[SourceQuality "1"]

1. d4 d5 2. c4 c6 3. Nf3 Nf6 4. Nc3 e6 5. Bg5 Nbd7 6. a3 h6 7. Bh4 dxc4 8. e3 b5 9. Be2 Bb7 10. 0-0 Be7 11. Nd2 0-0 12. Bf3 a6 13. a4 Qc8 14. Nce4 Re8 1/2-1/2

[Event "Bayern-ch Seniors 21st"]
[Site "Bergen"]
[Date "2009.06.24"]
[Round "5"]
[White "Holiga, Friedrich"]
[Black "Eichinger, Guenther"]
[Result "0-1"]
[WhiteElo "1740"]
[BlackElo "1953"]
[PlyCount "74"]
[EventDate "2009.06.20"]
[EventType "swiss"]
[EventRounds "9"]
[EventCountry "GER"]
[SourceTitle "EXT 2015"]
[Source "ChessBase"]
[SourceDate "2014.11.20"]
[SourceVersion "1"]
[SourceVersionDate "2014.11.20"]
[SourceQuality "1"]

1. d4 Nf6 2. Nf3 d5 3. c4 e6 4. Bg5 Be7 5. e3 Nbd7 6. Nc3 0-0 7. Rc1 c6 8. a3 Re8 9. Qb3 h6 10. Bh4 Nb6 11. c5 Nbd7 12. h3 Nh5 13. Bxe7 Qxe7 14. Be2 Nhf6 15. 0-0 e5 16. Qc2 e4 17. Nh2 Nh7 18. b4 a6 19. a4 f5 20. b5 Qg5 21. bxc6 bxc6 22. Rb1 f4 23. exf4 Qxf4 24. Ng4 h5 25. Ne3 Ndf6 26. Rb6 Bd7 27. Qd1 g6 28. g3 Qc7 29. Kg2 a5 30. Qb3 Ng5 31. Ncxd5 Nxd5 32. Nxd5 Bxh3+ 33. Kh2 cxd5 34. Qxd5+ Qf7 35. Rxg6+ Kh7 36. Rxg5 Qxd5 37. Rxd5 Bxf1 0-1

[Event "Bayern-ch Seniors 21st"]
[Site "Bergen"]
[Date "2009.06.21"]
[Round "2"]
[White "Holiga, Friedrich"]
[Black "Kalkmann, Hans"]
[Result "1/2-1/2"]
[WhiteElo "1740"]
[BlackElo "1936"]
[PlyCount "48"]
[EventDate "2009.06.20"]
[EventType "swiss"]
[EventRounds "9"]
[EventCountry "GER"]
[SourceTitle "EXT 2015"]
[Source "ChessBase"]
[SourceDate "2014.11.20"]
[SourceVersion "1"]
[SourceVersionDate "2014.11.20"]
[SourceQuality "1"]

1. d4 e6 2. Nf3 f5 3. g3 b6 4. Bg2 Bb7 5. Nc3 Nf6 6. 0-0 Bb4 7. Bd2 0-0 8. a3 Bxc3 9. Bxc3 Qe7 10. Nd2 Bxg2 11. Kxg2 d6 12. b3 Nbd7 13. e3 e5 14. dxe5 Nxe5 15. Nf3 Nxf3 16. Bxf6 Qe4 17. Qxf3 Rxf6 18. Rad1 Rd8 19. Rd2 Kf7 20. c4 g5 21. Rd4 Qxf3+ 22. Kxf3 Ke6 23. h4 h6 24. Rh1 g4+ 1/2-1/2

[Event "Bayern-ch Seniors 20th"]
[Site "Bergen"]
[Date "2008.06.15"]
[Round "9.19"]
[White "Holiga, Friedrich"]
[Black "Krafzik, Joachim"]
[Result "0-1"]
[WhiteElo "1700"]
[BlackElo "1819"]
[PlyCount "20"]
[EventDate "2008.06.07"]
[EventType "swiss"]
[EventRounds "9"]
[EventCountry "GER"]
[SourceTitle "EXT 2022"]
[Source "ChessBase"]
[SourceDate "2021.10.06"]
[SourceVersion "1"]
[SourceVersionDate "2021.10.06"]
[SourceQuality "1"]

1. d4 f5 2. Nc3 e6 3. Nf3 Bb4 4. Bd2 Nf6 5. a3 Bxc3 6. Bxc3 Ne4 7. Qd3 0-0 8. e3 b6 9. Be2 Ba6 10. Qd2 Nxd2 0-1

[Event "Bayern-ch Seniors 20th"]
[Site "Bergen"]
[Date "2008.06.08"]
[Round "2.14"]
[White "Holiga, Friedrich"]
[Black "Eichinger, Guenther"]
[Result "0-1"]
[WhiteElo "1700"]
[BlackElo "1948"]
[PlyCount "70"]
[EventDate "2008.06.07"]
[EventType "swiss"]
[EventRounds "9"]
[EventCountry "GER"]
[SourceTitle "EXT 2022"]
[Source "ChessBase"]
[SourceDate "2021.10.06"]
[SourceVersion "1"]
[SourceVersionDate "2021.10.06"]
[SourceQuality "1"]

1. d4 Nf6 2. c4 Nc6 3. Nf3 e6 4. Nc3 Bb4 5. Bg5 h6 6. Bd2 d5 7. e3 0-0 8. Qc2 Qe7 9. a3 Bxc3 10. Bxc3 Ne4 11. cxd5 exd5 12. Bb5 a5 13. Bxc6 bxc6 14. 0-0 Re8 15. Ne5 Qg5 16. f4 Qf6 17. Rac1 Bf5 18. Qa4 Ra6 19. Be1 Re6 20. Bxa5 Qe7 21. Qb4 Qd8 22. Qe1 f6 23. Nd3 Ra7 24. Nc5 Nxc5 25. Rxc5 Bd3 26. Rf3 Rb7 27. Bb4 Bc4 28. Qc3 Qe8 29. Qd2 Rb8 30. Ra5 Rb7 31. Kf2 Qh5 32. Ra8+ Kh7 33. Qc2+ Re4 34. Rh3 Qf5 35. Re8 Rxf4+ 0-1

[Event "Mittelfrankenliga-B2a 0708"]
[Site "Mittelfranken"]
[Date "2008.03.02"]
[Round "7.8"]
[White "Holiga, Friedrich"]
[Black "Huettl, Walter"]
[Result "0-1"]
[WhiteElo "1698"]
[BlackElo "1953"]
[PlyCount "72"]
[EventDate "2007.10.14"]
[EventType "team-tourn"]
[EventRounds "9"]
[EventCountry "GER"]
[SourceTitle "EXT 2011"]
[Source "ChessBase"]
[SourceDate "2010.11.26"]
[SourceVersion "1"]
[SourceVersionDate "2010.11.26"]
[SourceQuality "1"]
[WhiteTeam "Nuernberg Sued SW III"]
[BlackTeam "Erlangen SC II"]
[WhiteTeamCountry "GER"]
[BlackTeamCountry "GER"]

1. d4 Nf6 2. c4 g6 3. Nc3 Bg7 4. Nf3 d6 5. Bg5 Nbd7 6. e3 0-0 7. h3 c6 8. Qc2 Qc7 9. Bf4 e5 10. Bh2 Re8 11. c5 Nd5 12. cxd6 Qxd6 13. dxe5 Nxe5 14. Bxe5 Bxe5 15. Nxe5 Rxe5 16. Nxd5 Rxd5 17. Be2 Bf5 18. Qc3 Bd3 19. Rd1 Bxe2 20. Kxe2 Rd8 21. Qb3 Rd2+ 22. Rxd2 Qxd2+ 23. Kf3 Rd5 24. g4 Rb5 25. Rd1 Qxb2 26. Rd8+ Kg7 27. Qd3 Qe5 28. Rd7 Rd5 29. Rxd5 Qxd5+ 30. Qxd5 cxd5 31. g5 f6 32. h4 Kf7 33. e4 fxg5 34. hxg5 Ke6 35. exd5+ Kxd5 36. Kf4 b5 0-1